000 01056nam a2200289Ia 4500
003 OSt
005 20220930092745.0
006 a|||||r|||| 00| 0
007 ta
008 220926b |||||||| |||| 00| 0 eng d
024 _a24315
037 _cTheses
040 _aCRL
_cCRL
_beng
041 _2eng
_aeng
100 _aDudeja Sankalp
_9549642
110 _aUniversity OF Delhi. Faculty OF Medical Sciences. Department OF Pediatrics
245 0 _aStudy of vincristine induced neurotoxicity in patients with acute lymphoblastic leukemia
260 _c2015
650 _aCHILDREN - DISEASES
700 _a Dr. Anju Jain Gu.
_9532951
700 _a Dr. Jagdish Chandra Gu.
_9532608
700 _a Dr. Satinder Aneja Gu.
_9542269
700 _a Dr. Sunita Sharma Gu.
_9532700
700 _aUniversity OF Delhi. Faculty OF Medical Sciences. Department OF Pediatrics
942 _cDIS
_2CC
999 _c884252
_d884252